| 000 | 00685nam a22002177a 4500 | ||
|---|---|---|---|
| 003 | UA-OsUOA | ||
| 001 | 82476 | ||
| 007 | ta | ||
| 008 | 20120306b un ||||| |||| 00| 0 ukr d | ||
| 090 |
_a82.09(477) _bШ32 |
||
| 942 | _cBK | ||
| 040 |
_aUA-OsUOA _bukr _cUA-OsUOA _dUA-OsUOA |
||
| 245 |
_aМаркіян Шашкевич на Заході _cупор., ред., вступ Я. Розумний |
||
| 300 | _a383 с. | ||
| 955 | _a1 | ||
| 041 | _aukr | ||
| 080 | _a82.09(477) | ||
| 260 |
_aВінніпег _bІн-т-Заповідник Маркіяна Шашкевича _c2007 |
||
| 650 | 7 |
_a82 Література. Літературознавство _2UDC |
|
| 999 |
_c368789 _d368789 |
||